000
00415nam a22001337a 4500
003
SGT
020
_a
9789380935782
082
_a
891.4309
_b
R18J
100
_a
जोशी, सच्चिदानंद
245
_a
राष्ट्र निर्माण में हिंदी की भूमिका
260
_b
निदेशक प्रकाशन
_c
2018
300
_a
178
942
_2
ddc
_c
BK
999
_c
30154
_d
30154